000 00611nam a2200181 a 4500
001 000025790
005 20230526131558.0
008 100308s1982 cu 000 d spa d
040 _aDO-SdBNP
_bspa
_cBNPHU
082 _a862.3
_bR741c
100 1 _aRojas, Fernando de,
_d1470-1541
_939878
245 1 3 _aLa celestina /
_cFernando de Rojas ; introducción y notas de Julio Cejador y Franca.
260 _aLa Habana :
_bArte y Literatura,
_c1982.
300 _a299 p. ;
_c24 cm.
650 4 _aTeatro español
_93071
650 4 _aLiteratura española
_9632
700 1 _aCejador y Franca, Julio,
_eintroducción
_952598
999 _c25282
_d25282